| 000 | 00369nam a2200145Ia 4500 | ||
|---|---|---|---|
| 008 | 240624s9999 xx 000 0 und d | ||
| 041 | _aeng | ||
| 082 | _a658.562 BRE | ||
| 100 | _aBREYFOGLE FORREST W | ||
| 245 | _aIMPLEMENTING SIX SIGMA SMARTER SOLUTIONS | ||
| 250 | _a(2nd ed.) | ||
| 260 |
_c2003 _aTexas _bJohn Wiley & Sons |
||
| 300 | _a1232 : p. | ||
| 365 |
_c _b28 |
||
| 999 |
_c22757 _d22757 |
||